Statistics for EU Capitals with No Hints

Click here to take the quiz!

General Stats

  • This quiz has been taken 41,870 times
    (31,268 since last reset)
  • The average score is 22 of 27

Answer Stats

Country Capital % Correct
FranceParis
97%
GermanyBerlin
96%
SpainMadrid
96%
ItalyRome
95%
PortugalLisbon
92%
BelgiumBrussels
92%
NetherlandsAmsterdam
91%
SwedenStockholm
89%
GreeceAthens
89%
PolandWarsaw
88%
AustriaVienna
88%
FinlandHelsinki
87%
HungaryBudapest
87%
DenmarkCopenhagen
87%
IrelandDublin
87%
Czech RepublicPrague
85%
LuxembourgLuxembourg
82%
RomaniaBucharest
80%
EstoniaTallinn
77%
LatviaRiga
77%
BulgariaSofia
77%
CroatiaZagreb
75%
SlovakiaBratislava
69%
LithuaniaVilnius
68%
SloveniaLjubljana
64%
MaltaValletta
61%
CyprusNicosia
51%

Score Distribution

Percentile by Number Answered

Percent of People with Each Score

Your Score History

You have not taken this quiz since the last reset